00789nam a22002414a 450000500170000000800410001701000140005802000260007202000230009803500130012103700150013404000180014908200120016724500830017926000460026227000640030830000280037250000240040052000260042465000250045065100340047565100380050920090619144217.0070416s2007 ii ab bf 000 0 eng  aENG-94125 a9780195699470c750.00 a0195699475c750.00 aEN-77658 bDBAD / PUB adplbEnglish  a339.522 aMacroeconomic management and government finances /cby Asian Development Bank  aNew Delhi bOxford University Pressc2009 aYMCA Library Building, Jai Singh Road, bNew Delhi e110001 axxii, 342p. c23cm(Hb)  aIncludes references aContributed articles. aFiscal policyzIndia aIndiaxEconomic policyy1966- aIndiaxEconomic conditionsy1947-